000 01315nam0a22002771 4500
001 rc\3051705
005 20250806202345.0
035 _a(NLR Aleph) 007191096
090 _a46425
_c46425
100 _a20111012d1941 u y0rusy50 ca
101 0 _arus
102 _aRU
105 _ay z |||||
200 1 _aПрограммы и методические указания для заочников педагогических институтов
_eФиз.-мат. фак.
_eОснование современной алгебры
_fУпр. подготовки учителей НКП РСФСР. Науч.-метод. кабинет по заоч. обучению учителей
210 _aМосква
_cНаркомпрос РСФСР
_d1941
215 _a14 с.
_d21 см
300 _aНа обороте тит. л.: автор метод. указаний - Л.Я. Окунев
702 1 _aОкунев
_bЛ.Я.
_4570
710 0 2 _aНаучно-методический кабинет по заочному обучению учителей
_cМосква
_3RU\NLR\AUTH\8810950
801 0 _aRU
_bNLR
_gpsbo
801 1 _aRU
_bELAR
_2rusmarc
852 _aNLR
_jМт02 Г-4/6
942 _cBOOK
945 _aРоссийская национальная библиотека
980 _aNB
980 _aBV